| 000 | 00572nam a22001817a 4500 | ||
|---|---|---|---|
| 005 | 20240506103457.0 | ||
| 010 | _aENG-140285 | ||
| 020 |
_c399.00 _a9789357313841 |
||
| 035 | _aEN-123817 | ||
| 037 | _bDBAD | ||
| 082 | _aS | ||
| 100 |
_aAshrafi, Shah Tazrian _965690 |
||
| 245 |
_aThe Hippo Girl And Other Stories/ _cBy Shah Tazrian Ashrafi |
||
| 260 |
_aGurugram _bHachette Book Publishing India Pvt.Ltd _c2021 |
||
| 270 |
_a4th & 5th Floors ,Corporate Center Plot No. 94, Sector 44, _bGurugram _e122003 |
||
| 300 |
_a184 p.: _c20cm(pb) |
||
| 942 |
_2ddc _cEN _hS _mASH |
||
| 999 |
_c202659 _d202659 |
||